000 00778cam a2200145 4500500
005 20260208005926.0
041 _afre
042 _adc
100 1 0 _aReid, Martine
_eauthor
245 0 0 _aVICKI MISTACCO, Les Femmes et la tradition littéraire. Anthologie du Moyen Âge à nos jours. New Haven and London, Yale University Press. Première partie : XIIe - XVIIIe siècles ; seconde partie : XIXe - XXIe siècles, 2006-2007. Deux vol. cartonnés et illustrés 24,5 x 16 de 571 p. et 384 p.
260 _c2007.
500 _a12
786 0 _nRevue d'histoire littéraire de la France | 107 | 3 | 2007-09-01 | p. 629zzs-688zzs | 0035-2411
856 4 1 _uhttps://shs.cairn.info/revue-d-histoire-litteraire-de-la-france-2007-3-page-629zzs?lang=fr&redirect-ssocas=7080
999 _c1654373
_d1654373